El socialismo del siglo XXI /

Shranjeno v:
Bibliografske podrobnosti
Glavni avtor: Buzgalin, Alexandr Vladímirovich (autor)
Format: Knjiga
Jezik:španščina
Izdano: Moscú, Rusia : URSS, 2004, c2004
Teme:
Oznake: Označite
Brez oznak, prvi označite!

MARC

LEADER 00000nam^a2200000^a^4500
001 000188723
005 20250521000000.0
009 20260310102349.895
020 |a 5-354-00543-4 
037 |a Acervo ITESO - Biblioteca 
041 |a ESP 
082 |a 320. 5310905  |b BUZ 
100 |a Buzgalin, Alexandr Vladímirovich  |e (autor) 
245 1 3 |a El socialismo del siglo XXI /  |c A.V. Buzgalin. 
264 4 |a Moscú, Rusia :  |b URSS,  |c 2004, c2004 
300 |a 154 p. 
336 |a texto  |b txt  |2 rdacontenido 
337 |a sin mediación  |b n  |2 rdamedio 
338 |a volumen  |b nc  |2 rdasoporte 
649 |a XX 
650 |a Izquierda, La -  |x Rusia 
650 |a Izquierda, La -  |x Historia -  |y Siglo XXI 
650 |a Comunismo -  |z Rusia 
650 |a Comunismo -  |x Historia -  |y Siglo XXI 
650 |a Socialismo -  |z Rusia -  |x Tema Principal 
650 |a Socialismo -  |x Historia -  |y Siglo XXI 
650 |a Caída del Socialismo -  |z Rusia 
650 |a Globalización 
650 |a Cambios Políticos -  |z Rusia 
650 |a Cambios Políticos -  |x Historia -  |y Siglo XXI 
650 |a Prospectiva Política -  |z Rusia 
650 |a Política -  |z Rusia -  |x Historia -  |y Siglo XXI 
650 |a Política Internacional -  |x Historia -  |y Siglo XXI 
910 |a Fondo General 
920 |a Impresos - Libros 
930 |a Colección General 
905 |a 101 
901 |a 0500131260  |b IT1  |c ACC  |u 20250521 
902 |a https://opac.biblio.iteso.mx/vufind/Record/000188723